00610nam a2200145 a 450000100100000000500170001000800410002704000250006811000600009324500870015326000820024030000200032295201050034299900170044700003882820250401130908.0130426s1990 dr 000 0 spa d aDO-SdBNPbspacBNPHU2 aPrograma de las Naciones Unidas para el Desarrollo918710aInforme anual de la cooperación para el desarrollo, República Dominicana 1989. a[Santo Domingo] :bPrograma de las Naciones Unidas para el Desarrollo,c1990. a89 p. ;c29 cm. 0010718PDaPDbPDcCTd2013-04-26iLF1l0o p38828-10r2020-06-25w2020-06-25yLFPDZNo se presta c38318d38318